Normal view
MARC view
- التخطيط الإداري -- البلاد العربية -- مؤتمرات -- الادارة المحلية -- مؤتمرات
Entry Topical Term
001 - CONTROL NUMBER
- control field: 52074
003 - CONTROL NUMBER IDENTIFIER
- control field: JO-AjAnu
005 - DATE AND TIME OF LATEST TRANSACTION
- control field: 20230606082549.0
008 - FIXED-LENGTH DATA ELEMENTS
- fixed length control field: 230606|| aca||aabn | a|a d
040 ## - CATALOGING SOURCE
- Original cataloging agency: JO-AjAnu
- Transcribing agency: JO-AjAnu
150 ## - HEADING--TOPICAL TERM
- Topical term or geographic name entry element: التخطيط الإداري -- البلاد العربية -- مؤتمرات -- الادارة المحلية -- مؤتمرات
670 ## - SOURCE DATA FOUND
- Source citation: Work cat.: (JO-AjAnu)26613: المنظمة العربية للتنمية الإدارية, author 52073, مستقبل الإدارة الرشيدة وتحديات الألفية الثالثة : بحوث وأوراق عمل المؤتمر السنوي العام بعنوان الإبداع والتجديد في الإدارة : الإدارة الرشيدة وتحديات الألفية الجديدة